History Quiz

Random History or Football Quiz

Exec Positions Quiz Stats

 Plays Quiz not verified by Sporcle

Support Sporcle.
Go Orange.
Score 0/36 Timer 10:00
0 Plays Today
Position Brother % Correct
President 2011Conor Jones
95.8%
President 2010John Allen
91.7%
President 2009Andy Roos
70.8%
VP 2011Evan Connel
66.7%
Treasurer 2011Adam Cohen
66.7%
VP 2010Torin Jones
58.3%
President 2008Zach Taylor
50%
Secretary 2011Matt Pokorny
50%
House Manager 2011Chris Clark
45.8%
President 2007Peter Itz
45.8%
Member-at-Large 2011Robert Goodyear
41.7%
Co-Social Chair 2011 (2)Sebastian Lulli
41.7%
Co-Social Chair 2011 (1)Bobby Donahoe
37.5%
Kitchen Manager 2011Taylor Leonard
37.5%
Pledge Master 2011Evan Connel
37.5%
Pledge Master 2010Robert Goodyear
37.5%
Alumni Chair 2011Andrew Krouch
33.3%
Pledge Master 2009Chris Olcott
33.3%
Position Brother % Correct
Philanthropy Chair 2011Evghenii Storoja
29.2%
VP 2009Brian Grochal
25%
Treasurer 2009Andrew Pearson
20.8%
Philanthropy Chair 2010Kyle Patton
20.8%
House Manager 2009John Allen
16.7%
Social Chair 2009Torin Jones
16.7%
Kitchen Manager 2009Justin Holmes
16.7%
House Manager 2010Evan Connel
12.5%
Social Chair 2010
12.5%
Secretary 2009Russel Gartman
8.3%
Alumni Chair 2010Ryan Clough
8.3%
Member-at-Large 2009Amit Jain
8.3%
Treasurer 2010
4.2%
Philanthropy Chair 2009Kevin Garrahan
4.2%
Secretary 2010
0%
Kitchen Manager 2010
0%
Alumni Chair 2009Eric Acherson
0%
Member-at-Large 2010
0%

You're not logged in!

Compare scores with friends on all Sporcle quizzes.
OR
Log In

From the Vault

Where's Waldo?

by aurrichio

We're a little concerned that in all his hiding Waldo never found the time to change his clothes.
Remove Ads.
Support Sporcle.
Get the best of Sporcle when you Go Orange. This ad-free experience offers more features, more stats, and more fun while also helping to support Sporcle. Thank you for becoming a member.

Show Comments

Extras

Created Feb 28, 2011ReportNominate
Tags:Football Quiz, Brother, Unknown

Top Quizzes Today


Score Distribution

Your Account Isn't Verified!

In order to create a playlist on Sporcle, you need to verify the email address you used during registration. Go to your Sporcle Settings to finish the process.

Report this User

Report this user for behavior that violates our Community Guidelines.

Details: